International journal of child health and human development IJCHD.

Detalles Bibliográficos
Formato: Electrónico Revista
Lenguaje:inglés
Publicado: Hauppauge, NY : Nova Science Publishers, 2008-
Materias:
Acceso en línea:Full text available from Research Library: 01/01/2011 to present

MARC

LEADER 00000nas a22000007i 4500
001 ssj0001454259
003 WaSeSS
005 20200512172242.0
006 m d
007 cr n
008 140725c20089999nyuqr p s 0 a0eng
010 |a  2014202916 
022 |a 2374-085X  |y 1939-5965 
035 |a (WaSeSS)ssj0001454259 
037 |b Nova Science Publishers, 400 Oser Ave., Ste. 1600, Hauppauge, NY 11788-3619 
040 |a DLC  |b eng  |c DLC  |d OCLCO  |d COO  |d OCLCQ  |d OCLCO  |d UAB  |d Z5A  |d OCLCO  |d NTG  |d OCLCO  |d AU@  |d OCLCO  |d WYU  |d VT2  |d CUS  |d WaSeSS 
042 |a nsdp  |a pcc 
050 1 4 |a HQ767.8 
060 0 0 |a W1  |b IN766DED 
082 1 0 |a 305  |2 14 
210 1 0 |a Int J Child Health Hum Dev  |2 dnlm  |b (Online) 
222 0 |a International journal of child health and human development  |b (Online) 
245 0 0 |a International journal of child health and human development  |h [electronic resource] :  |b IJCHD. 
246 3 0 |a IJCHD 
260 |a Hauppauge, NY :  |b Nova Science Publishers,  |c 2008- 
310 |a Quarterly 
362 1 |a Began with: Volume 1, number 1 (June 2008). 
506 |a License restrictions may limit access. 
588 |a Description based on: Volume 1, number 1 (June 2008); title from PDF cover image (Nova Science website, viewed on July 25, 2014). 
588 |a Latest issue consulted: Volume 4, issue 4 (October/December 2011) (viewed on July 25, 2014). 
650 0 |a Child development  |v Periodicals. 
650 7 |a Child development.  |2 fast  |0 (OCoLC)fst00854393 
650 1 2 |a Child Welfare. 
650 2 2 |a Adolescent. 
650 2 2 |a Health. 
650 2 2 |a Human Development. 
655 0 |a Electronic journals. 
776 0 8 |i Print version:  |t International journal of child health and human development  |x 1939-5965  |w (DLC) 2007212280  |w (OCoLC)166253529 
856 4 0 |z Full text available from Research Library: 01/01/2011 to present  |u https://search.proquest.com/publication/2034871